000 00313nam a22001337a 4500
008 210301b ||||| |||| 00| 0 eng d
020 _a0442273738
041 _aeng
080 _25th
_a621
100 _a26
101 _aMEK
245 _aDangerous Properties of Industrial Materials
_cSAX,I.N
942 _2udc
_cBK
999 _c55423
_d55423